<?xml version="1.0" encoding="UTF-8"?>
<record
    xmlns:xsi="http://www.w3.org/2001/XMLSchema-instance"
    xsi:schemaLocation="http://www.loc.gov/MARC21/slim http://www.loc.gov/standards/marcxml/schema/MARC21slim.xsd"
    xmlns="http://www.loc.gov/MARC21/slim">

  <leader>01266nam0a22002651  4500</leader>
  <controlfield tag="001">v19\rc\1531025</controlfield>
  <controlfield tag="005">20260407113215.0</controlfield>
  <datafield tag="035" ind1=" " ind2=" ">
    <subfield code="a">(NLR Aleph) 004651124</subfield>
  </datafield>
  <datafield tag="090" ind1=" " ind2=" ">
    <subfield code="a">3423554</subfield>
    <subfield code="c">3423554</subfield>
  </datafield>
  <datafield tag="100" ind1=" " ind2=" ">
    <subfield code="a">20060620d1887    |||y0rusy50      ca</subfield>
  </datafield>
  <datafield tag="101" ind1="0" ind2=" ">
    <subfield code="a">rus</subfield>
  </datafield>
  <datafield tag="102" ind1=" " ind2=" ">
    <subfield code="a">RU</subfield>
  </datafield>
  <datafield tag="105" ind1=" " ind2=" ">
    <subfield code="a">y   z   |||||</subfield>
  </datafield>
  <datafield tag="200" ind1="1" ind2=" ">
    <subfield code="a">&#x418;&#x437;&#x432;&#x43B;&#x435;&#x447;&#x435;&#x43D;&#x438;&#x435; &#x438;&#x437; &#x443;&#x442;&#x432;&#x435;&#x440;&#x436;&#x434;&#x435;&#x43D;&#x43D;&#x43E;&#x433;&#x43E; &#x433;. &#x43C;&#x438;&#x43D;&#x438;&#x441;&#x442;&#x440;&#x43E;&#x43C; &#x433;&#x43E;&#x441;&#x443;&#x434;&#x430;&#x440;&#x441;&#x442;&#x432;&#x435;&#x43D;&#x43D;&#x44B;&#x445; &#x438;&#x43C;&#x443;&#x449;&#x435;&#x441;&#x442;&#x432;, 5 &#x43C;&#x430;&#x440;&#x442;&#x430; 1887 &#x433;&#x43E;&#x434;&#x430;, &#x436;&#x443;&#x440;&#x43D;&#x430;&#x43B;&#x430; &#x441;&#x43F;&#x435;&#x446;&#x438;&#x430;&#x43B;&#x44C;&#x43D;&#x43E;&#x433;&#x43E; &#x43A;&#x43E;&#x43C;&#x438;&#x442;&#x435;&#x442;&#x430; &#x43E;&#x442; 21 &#x444;&#x435;&#x432;&#x440;&#x430;&#x43B;&#x44F; 1887 &#x433;&#x43E;&#x434;&#x430; &#x2116; 9</subfield>
  </datafield>
  <datafield tag="210" ind1=" " ind2=" ">
    <subfield code="a">[&#x421;&#x430;&#x43D;&#x43A;&#x442;-&#x41F;&#x435;&#x442;&#x435;&#x440;&#x431;&#x443;&#x440;&#x433;</subfield>
    <subfield code="d">1887]</subfield>
  </datafield>
  <datafield tag="215" ind1=" " ind2=" ">
    <subfield code="a">12 &#x441;.</subfield>
  </datafield>
  <datafield tag="309" ind1=" " ind2=" ">
    <subfield code="a">&#x411;&#x435;&#x437; &#x442;&#x438;&#x442;. &#x43B;. &#x438; &#x43E;&#x431;&#x43B;.</subfield>
  </datafield>
  <datafield tag="532" ind1="1" ind2="2">
    <subfield code="a">&#x418;&#x437;&#x432;&#x43B;&#x435;&#x447;&#x435;&#x43D;&#x438;&#x435; &#x438;&#x437; &#x443;&#x442;&#x432;&#x435;&#x440;&#x436;&#x434;&#x435;&#x43D;&#x43D;&#x43E;&#x433;&#x43E; &#x433;&#x43E;&#x441;&#x43F;&#x43E;&#x434;&#x438;&#x43D;&#x43E;&#x43C; &#x43C;&#x438;&#x43D;&#x438;&#x441;&#x442;&#x440;&#x43E;&#x43C; &#x433;&#x43E;&#x441;&#x443;&#x434;&#x430;&#x440;&#x441;&#x442;&#x432;&#x435;&#x43D;&#x43D;&#x44B;&#x445; &#x438;&#x43C;&#x443;&#x449;&#x435;&#x441;&#x442;&#x432;, 5 &#x43C;&#x430;&#x440;&#x442;&#x430; 1887 &#x433;&#x43E;&#x434;&#x430;, &#x436;&#x443;&#x440;&#x43D;&#x430;&#x43B;&#x430; &#x441;&#x43F;&#x435;&#x446;&#x438;&#x430;&#x43B;&#x44C;&#x43D;&#x43E;&#x433;&#x43E; &#x43A;&#x43E;&#x43C;&#x438;&#x442;&#x435;&#x442;&#x430; &#x43E;&#x442; 21 &#x444;&#x435;&#x432;&#x440;&#x430;&#x43B;&#x44F; 1887 &#x433;&#x43E;&#x434;&#x430; &#x2116; 9</subfield>
  </datafield>
  <datafield tag="710" ind1="0" ind2="1">
    <subfield code="a">&#x420;&#x43E;&#x441;&#x441;&#x438;&#x44F;</subfield>
    <subfield code="b">&#x41C;&#x438;&#x43D;&#x438;&#x441;&#x442;&#x435;&#x440;&#x441;&#x442;&#x432;&#x43E; &#x433;&#x43E;&#x441;&#x443;&#x434;&#x430;&#x440;&#x441;&#x442;&#x432;&#x435;&#x43D;&#x43D;&#x44B;&#x445; &#x438;&#x43C;&#x443;&#x449;&#x435;&#x441;&#x442;&#x432;</subfield>
    <subfield code="3">RU\NLR\AUTH\889942724</subfield>
    <subfield code="9">380460</subfield>
  </datafield>
  <datafield tag="801" ind1=" " ind2="0">
    <subfield code="a">RU</subfield>
    <subfield code="b">NLR</subfield>
    <subfield code="g">psbo</subfield>
  </datafield>
  <datafield tag="801" ind1=" " ind2="0">
    <subfield code="a">RU</subfield>
    <subfield code="b">RuMoRGB</subfield>
    <subfield code="2">psbo</subfield>
  </datafield>
  <datafield tag="801" ind1=" " ind2="1">
    <subfield code="a">RU</subfield>
    <subfield code="b">ProSoft-M</subfield>
    <subfield code="2">rusmarc</subfield>
  </datafield>
  <datafield tag="852" ind1=" " ind2=" ">
    <subfield code="a">NLR</subfield>
    <subfield code="j">18.319.2.32</subfield>
  </datafield>
  <datafield tag="942" ind1=" " ind2=" ">
    <subfield code="c">BOOK</subfield>
  </datafield>
  <datafield tag="980" ind1=" " ind2=" ">
    <subfield code="a">NB</subfield>
  </datafield>
  <datafield tag="995" ind1=" " ind2=" ">
    <subfield code="5">2013-10-26</subfield>
    <subfield code="b">NLR02</subfield>
    <subfield code="c">NLR02</subfield>
    <subfield code="e">RFS</subfield>
    <subfield code="f">4651124-10</subfield>
    <subfield code="k">18.319.2.32</subfield>
    <subfield code="o">0</subfield>
    <subfield code="r">BOOK</subfield>
    <subfield code="s">18319232_</subfield>
  </datafield>
</record>
